All 10k+ cities in North Dakota on a Map - Statistics

General Stats
  • This quiz has been taken 97 times
  • The average score is 7 of 9
Answers on the Map
Answers color-coded by a green-red scale on the quiz's map according to % correct below.
 
Answer Stats
City Population % Correct
Fargo 125,990
98%
Bismarck 73,622
96%
Grand Forks 59,166
93%
Minot 48,377
87%
West Fargo 38,626
85%
Dickinson 25,679
76%
Williston 29,160
73%
Jamestown 15,849
67%
Mandan 24,206
53%
No matching quizzes found
Score Distribution
Percent of People with Each Score
Percentile by Number Answered
Your Score History
You have not taken this quiz